LEADER 02062nam 2200433Ia 450 001 996387577803316 005 20200824132258.0 035 $a(CKB)4940000000083735 035 $a(EEBO)2240939767 035 $a(OCoLC)ocm21512218e 035 $a(OCoLC)21512218 035 $a(EXLCZ)994940000000083735 100 $a19900511d1555 uy | 101 0 $aeng 135 $aurbn||||a|bb| 200 14$aThe hope of the faythful$b[electronic resource] $edeclaryng brefely and clearlye the resurreccion of Our Lorde Jesus Chryst past, and of our true esse[n]cial bodyes to come, and playnli confuting the chefe errours, that hath spronge therof, oute of the Scripture and doctors : wyth an euydent probacyon, that there is an eternall lyfe of the faythful, and an euerlastynge damnacyon of the vnfaythfull 210 $a[Wesel? $cH. Singleton?$d1555?] 215 $a[8], 233 [i.e. 231], [6] p 300 $aGenerally but erroneously attributed to Otto Werdmul?ler.--Cf. Halkett & Laing (3rd ed.). 300 $aTranslation by Miles Coverdale of a German version by Johann Friese of Bullinger's commentary on Matt. 28, in: In sacrosanctum Evangelium secundum Matthaeum, commentariorum libri XII.--Cf. Halkett & Laing (3rd ed.). 300 $aImprint suggested by STC (2nd ed.). 300 $aSignatures: [hand]? A-O? P?. 300 $aNumbers 65-66 skipped in pagination; page 129 misnumbered as 12. 300 $aImperfect: pages 201-4 torn with some loss of print. 300 $aReproduction of original in the Harvard University. Library. 320 $aIncludes bibliographical references. 330 $aeebo-0062 606 $aFuture life$xChristianity 615 0$aFuture life$xChristianity. 700 $aBullinger$b Heinrich$f1504-1575.$0206154 701 $aCoverdale$b Miles$f1488-1568.$0821808 701 $aWerdmul?ler$b Otto$f1519-1552.$01010318 801 0$bEBL 801 1$bEBL 801 2$bWaOLN 906 $aBOOK 912 $a996387577803316 996 $aThe hope of the faythful$92336694 997 $aUNISA